La perpetuité de la foy de l' Eglise Catholique touchant l' eucharistie deffendue contre le livre du Sieur Claude ministre de Charenton

Detalles Bibliográficos
Formato: Libro
Lenguaje:Undetermined
French
Publicado: a Paris : chez Charles Savreux, du costé de l'Archevesché, à l'Enseigne des trois Vertus, 1670.
Edición:Seconde edition
Materias:
Colección:Banco de datos
Acervo:Biblioteca Palafoxiana. Colección bibliográfica
Descripción Física:[6], XXXII, 856, 84 p. ; 4°
Tema general:Apologética
Notas:Número de localización: 35192
LEADER 00680nam a2200169Ia 4500
008 150723s9999 xx 000 0 und d
041 0 |a fre 
050 0 |a PAFX BT1100 P4 1670 
245 1 0 |a La perpetuité de la foy de l' Eglise Catholique touchant l' eucharistie deffendue contre le livre du Sieur Claude ministre de Charenton 
250 |a Seconde edition 
260 |a a Paris : chez Charles Savreux, du costé de l'Archevesché, à l'Enseigne des trois Vertus, 1670. 
300 |a [6], XXXII, 856, 84 p. ; 4° 
500 |a Número de localización: 35192 
650 1 0 |a Apologética 
942 |c PALALIB 
943 |g Biblioteca Palafoxiana. Colección bibliográfica 
999 |c 1059876  |d 1059876